[Event "FRA-ch U20"]
[Site "Agen"]
[Date "2023.04.23"]
[Round "1"]
[White "Famel, Edouard"]
[Black "Girel, Joseph"]
[Result "0-1"]
[WhiteElo "1932"]
[BlackElo "2395"]
[PlyCount "76"]
[EventDate "2023.04.23"]
[EventType "swiss"]
[EventRounds "9"]
[EventCountry "FRA"]
[SourceTitle "CBM 213 Extra"]
[Source "ChessBase"]
[SourceDate "2023.05.31"]
[SourceVersion "1"]
[SourceVersionDate "2023.05.31"]
[SourceQuality "1"]

1. d4 Nf6 2. c4 e6 3. Nc3 Bb4 4. e3 0-0 5. Nge2 c6 6. g3 d5 7. a3 Ba5 8. b4 Bc7 9. Bg2 dxc4 10. 0-0 e5 11. Qc2 Nbd7 12. Rd1 Qe7 13. d5 cxd5 14. Bxd5 Nb6 15. Bg2 Re8 16. e4 Be6 17. Be3 Nbd7 18. Nd5 Bxd5 19. exd5 Qd6 20. Qxc4 Bb6 21. Qb3 e4 22. Bxb6 Qxb6 23. Rd4 Ne5 24. Rf1 Nf3+ 25. Bxf3 exf3 26. Qxf3 Rxe2 27. Rd3 Re7 28. Rc1 Rd8 29. g4 Red7 30. Rc5 Rd6 31. Qf4 h6 32. Qf5 Nd7 33. Rc2 Rf6 34. Qe4 Qd6 35. Rg3 Ne5 36. Re2 Ng6 37. Rd2 Qe5 38. Qc4 Qe1+ 0-1

[Event "Biel HTO 53rd"]
[Site "Biel"]
[Date "2020.07.29"]
[Round "9"]
[White "Jepsen, Thomas Tange"]
[Black "Famel, Edouard"]
[Result "1-0"]
[WhiteElo "2116"]
[BlackElo "1934"]
[PlyCount "121"]
[EventDate "2020.07.20"]
[EventType "swiss"]
[EventRounds "9"]
[EventCountry "SUI"]
[SourceTitle "CBM 197"]
[Source "ChessBase"]
[SourceDate "2020.07.27"]
[SourceVersion "1"]
[SourceVersionDate "2020.07.27"]
[SourceQuality "1"]

1. d4 e6 2. c4 b6 3. Nc3 Bb7 4. e3 f5 5. Nf3 Nf6 6. Be2 Bb4 7. Qb3 Nc6 8. 0-0 Bxc3 9. Qxc3 0-0 10. b4 Ne7 11. Ba3 Re8 12. Ne5 d6 13. Nd3 Ng6 14. Nf4 Ne4 15. Qe1 Qg5 16. Nxg6 hxg6 17. f4 Qe7 18. Bf3 g5 19. Bh5 Rf8 20. h3 gxf4 21. exf4 g6 22. Bf3 Rf7 23. Bb2 Rh7 24. Rd1 c5 25. dxc5 bxc5 26. Bxe4 Bxe4 27. Qg3 Kf7 28. bxc5 dxc5 29. Be5 Rd8 30. Qb3 Rd7 31. Rxd7 Qxd7 32. Rd1 Qc8 33. Qb5 Kg8 34. Bf6 Rb7 35. Qa6 Kf7 36. Be5 Qc6 37. Qa5 Rd7 38. Rxd7+ Qxd7 39. Qxc5 Qb7 40. Qc7+ Qxc7 41. Bxc7 Ke7 42. c5 Kd7 43. Bd6 Bd5 44. a3 Kc6 45. Kf2 Kb5 46. g3 a6 47. Ke3 Bg2 48. Kd4 Kc6 49. h4 Bf3 50. Ke5 Kd7 51. Kf6 Bh5 52. Bf8 Kc7 53. Kxe6 Bf3 54. Kf6 Bh5 55. Bd6+ Kd7 56. Be5 Kc6 57. Bd6 Kd7 58. Kg5 Ke6 59. g4 fxg4 60. f5+ Kf7 61. Bg3 1-0

[Event "Biel HTO 53rd"]
[Site "Biel"]
[Date "2020.07.26"]
[Round "6"]
[White "Famel, Edouard"]
[Black "Khoury, Theo"]
[Result "1-0"]
[WhiteElo "1934"]
[BlackElo "1465"]
[PlyCount "95"]
[EventDate "2020.07.20"]
[EventType "swiss"]
[EventRounds "9"]
[EventCountry "SUI"]
[SourceTitle "CBM 197"]
[Source "ChessBase"]
[SourceDate "2020.07.27"]
[SourceVersion "1"]
[SourceVersionDate "2020.07.27"]
[SourceQuality "1"]

1. d4 Nf6 2. c4 c5 3. d5 e6 4. Nc3 exd5 5. cxd5 d6 6. e4 g6 7. Bd3 Bg7 8. Nge2 0-0 9. Bf4 a6 10. a4 Re8 11. 0-0 Qe7 12. h3 Nbd7 13. Qb3 Nh5 14. Bh2 Ne5 15. Bc2 f5 16. f4 Nf7 17. Kh1 fxe4 18. Bxe4 Bf5 19. Bf3 Nf6 20. Rad1 Qc7 21. Qc4 Nd7 22. g4 Nb6 23. Qa2 Bd7 24. Kg2 Nc8 25. Bg3 Qd8 26. Qb3 Rb8 27. Qc2 b5 28. b3 bxa4 29. bxa4 Qa5 30. f5 gxf5 31. gxf5 Re3 32. Rd3 Bxf5 33. Be4 Bxe4+ 34. Nxe4 Rxe4 35. Rxf7 Qxa4 36. Qxa4 Rxa4 37. Rd7 Bf8 38. Be1 Nb6 39. Rg3+ Kh8 40. Bc3+ Rd4 41. Nxd4 Nxd7 42. Nc6+ Ne5 43. Nxb8 Bg7 44. Nc6 Ng6 45. Bxg7+ Kxg7 46. Ne7 Kf6 47. Nxg6 hxg6 48. Re3 1-0

[Event "Sautron op 19th"]
[Site "Sautron"]
[Date "2019.10.22"]
[Round "8.10"]
[White "Grill, Marc"]
[Black "Famel, Edouard"]
[Result "1-0"]
[WhiteElo "2182"]
[BlackElo "1940"]
[PlyCount "137"]
[EventDate "2019.12.10"]
[EventType "swiss"]
[EventRounds "9"]
[EventCountry "FRA"]
[SourceTitle "EXT 2022"]
[Source "ChessBase"]
[SourceDate "2021.10.06"]
[SourceVersion "1"]
[SourceVersionDate "2021.10.06"]
[SourceQuality "1"]

1. d4 d5 2. c4 e5 3. dxe5 d4 4. a3 Nc6 5. e3 Bf5 6. Nf3 dxe3 7. Qxd8+ Rxd8 8. Bxe3 Nge7 9. Nc3 Ng6 10. Nd5 Rd7 11. 0-0-0 Be7 12. Be2 0-0 13. Nxe7+ Ngxe7 14. Rxd7 Bxd7 15. h3 h6 16. Rd1 Be6 17. Bd2 Ng6 18. Bc3 Re8 19. Bf1 Nf8 20. b4 Bc8 21. Re1 Ne6 22. g3 Rd8 23. Rd1 Rxd1+ 24. Kxd1 b6 25. Bg2 Bb7 26. Nd2 Ncd8 27. Bd5 Kf8 28. Ke2 Ke7 29. f4 Nf8 30. Nf3 Bc8 31. g4 f5 32. exf6+ gxf6 33. Ke3 h5 34. gxh5 Bxh3 35. Nh4 Nf7 36. Be4 Nh6 37. f5 Bg4 38. Bf3 Bh3 39. Ke4 Nh7 40. Kf4 Bf1 41. c5 Bd3 42. Ng6+ Kd8 43. Nh4 Ke7 44. Bd1 Bb1 45. Bb3 Bd3 46. Bd2 Ng5 47. Bc3 Nh7 48. Be6 Be2 49. Nf3 Kd8 50. Nd4 Bxh5 51. Nc6+ Ke8 52. Nxa7 Be2 53. Nc6 Nf7 54. a4 Nfg5 55. Bd5 Kd7 56. a5 bxa5 57. bxa5 Bb5 58. Nb4 c6 59. Bg2 Nf7 60. Kg4 Kc7 61. Kh5 Nd8 62. Kg6 Nf8+ 63. Kxf6 Nd7+ 64. Ke7 Nxc5 65. Be5+ Kc8 66. f6 Bc4 67. Nxc6 Nxc6+ 68. Bxc6 Nd3 69. Bd6 1-0

[Event "Sautron op 19th"]
[Site "Sautron"]
[Date "2019.10.19"]
[Round "2.3"]
[White "Abergel, Thal"]
[Black "Famel, Edouard"]
[Result "1-0"]
[WhiteElo "2475"]
[BlackElo "1940"]
[PlyCount "119"]
[EventDate "2019.12.10"]
[EventType "swiss"]
[EventRounds "9"]
[EventCountry "FRA"]
[SourceTitle "EXT 2022"]
[Source "ChessBase"]
[SourceDate "2021.10.06"]
[SourceVersion "1"]
[SourceVersionDate "2021.10.06"]
[SourceQuality "1"]

1. Nf3 c5 2. c4 Nc6 3. g3 e5 4. Nc3 g6 5. d3 Bg7 6. Bg2 Nge7 7. 0-0 0-0 8. Ne1 d6 9. Nc2 Be6 10. Ne3 Qd7 11. Ned5 Nf5 12. a3 a5 13. Nb6 Qd8 14. Nxa8 Qxa8 15. Nd5 Qd8 16. e3 h5 17. Rb1 Nh6 18. b4 axb4 19. axb4 Bxd5 20. cxd5 Nxb4 21. Ba3 Qa5 22. Bxb4 cxb4 23. Qb3 Qb5 24. Qxb4 Qd7 25. Qxb7 Qxb7 26. Rxb7 Rd8 27. e4 g5 28. h3 Bf6 29. Ra1 Kf8 30. Bf1 Ng8 31. Raa7 Be7 32. Be2 h4 33. Bg4 Re8 34. Bd7 Rd8 35. Bf5 Re8 36. g4 Nf6 37. Kf1 Ng8 38. Ke2 Nf6 39. Kd2 Ng8 40. Bd7 Rd8 41. Bc6 Rc8 42. Kc3 Rd8 43. f3 Rc8 44. Kc4 Rd8 45. Bd7 Nf6 46. Bf5 Re8 47. Kb5 Ng8 48. Kc6 Nf6 49. Rc7 Ng8 50. Rc8 Rxc8+ 51. Bxc8 Nf6 52. Bf5 Ng8 53. Ra8+ Kg7 54. Kd7 Bf8 55. Rxf8 Kxf8 56. Kxd6 f6 57. Kc7 Nh6 58. d6 Nf7 59. Be6 Nxd6 60. Kxd6 1-0

[Event "Sautron op 19th"]
[Site "Sautron"]
[Date "2019.10.19"]
[Round "5.17"]
[White "Famel, Edouard"]
[Black "Roussel, Antoine"]
[Result "1-0"]
[WhiteElo "1940"]
[BlackElo "1764"]
[PlyCount "47"]
[EventDate "2019.12.10"]
[EventType "swiss"]
[EventRounds "9"]
[EventCountry "FRA"]
[SourceTitle "EXT 2022"]
[Source "ChessBase"]
[SourceDate "2021.10.06"]
[SourceVersion "1"]
[SourceVersionDate "2021.10.06"]
[SourceQuality "1"]

1. d4 d5 2. c4 dxc4 3. Nc3 e5 4. d5 Nf6 5. e4 c6 6. Bg5 Be7 7. Nf3 h6 8. Bxf6 Bxf6 9. Bxc4 0-0 10. 0-0 cxd5 11. Nxd5 Nc6 12. Rc1 Bg4 13. h3 Bh5 14. Qd3 Bxf3 15. Qxf3 Bg5 16. Rcd1 Nd4 17. Qd3 Rc8 18. Kh1 Ne6 19. a3 Nf4 20. Qb3 Qe8 21. Bb5 Qe6 22. Bd7 Qg6 23. Nxf4 exf4 24. Bxc8 1-0

[Event "FRA-ch op-B"]
[Site "Nimes"]
[Date "2018.08.18"]
[Round "4"]
[White "Famel, Edouard"]
[Black "Sabatier, Mathis"]
[Result "1/2-1/2"]
[WhiteElo "1762"]
[BlackElo "1904"]
[PlyCount "60"]
[EventDate "2018.08.18"]
[EventType "swiss"]
[EventRounds "9"]
[EventCountry "FRA"]
[SourceTitle "CBM 186 Extra"]
[Source "ChessBase"]
[SourceDate "2018.08.24"]
[SourceVersion "1"]
[SourceVersionDate "2018.08.24"]
[SourceQuality "1"]

1. e4 e5 2. Nf3 Nc6 3. c3 Nf6 4. d4 exd4 5. e5 Qe7 6. cxd4 d6 7. Bb5 a6 8. Bxc6+ bxc6 9. 0-0 Nd5 10. Re1 Be6 11. Nc3 Nxc3 12. bxc3 d5 13. Qb3 Qd8 14. Qb7 Kd7 15. Ng5 Be7 16. f4 Bxg5 17. fxg5 Qb8 18. Qb3 Qb5 19. Qc2 Rab8 20. Ba3 g6 21. Rf1 Qc4 22. Rf2 Ke8 23. Bb4 Bf5 24. Rxf5 gxf5 25. Qxf5 Rxb4 26. Qc8+ Ke7 27. Qxc7+ Ke8 28. Qc8+ Ke7 29. Qc7+ Ke8 30. Qc8+ Ke7 1/2-1/2

[Event "Agneaux St Lo U16 op 20th"]
[Site "Agneaux"]
[Date "2018.07.12"]
[Round "7.3"]
[White "Famel, Edouard"]
[Black "Navrotescu, Vlad Andrei"]
[Result "1-0"]
[WhiteElo "1835"]
[BlackElo "1516"]
[PlyCount "89"]
[EventDate "2018.07.07"]
[EventType "swiss"]
[EventRounds "9"]
[EventCountry "FRA"]
[SourceTitle "EXT 2019"]
[Source "ChessBase"]
[SourceDate "2018.10.10"]
[SourceVersion "1"]
[SourceVersionDate "2018.10.10"]
[SourceQuality "1"]

1. e4 c5 2. d4 cxd4 3. c3 dxc3 4. Nxc3 Nc6 5. Nf3 e6 6. Bc4 Nge7 7. 0-0 Ng6 8. Qe2 Be7 9. Rd1 a6 10. Be3 b5 11. Bb3 0-0 12. Rac1 Bb7 13. Nd4 Re8 14. Nxe6 fxe6 15. Bxe6+ dxe6 16. Rxd8 Raxd8 17. Qg4 Rd6 18. a3 Nce5 19. Qe2 Nc4 20. Rd1 Rxd1+ 21. Nxd1 Bxe4 22. Bd4 Rd8 23. Qxe4 e5 24. Nc3 exd4 25. Nd1 Rd6 26. g3 Nge5 27. Kg2 Nc6 28. h3 h6 29. Qf5 Rf6 30. Qd5+ Kh8 31. Qe4 Bc5 32. Qe8+ Kh7 33. Qe4+ Kg8 34. Qd5+ Kh7 35. Qxc5 Kh8 36. b3 N4e5 37. Qd5 Nd3 38. f4 g5 39. f5 Nce5 40. Qd8+ Kg7 41. Qe7+ Rf7 42. Qe6 h5 43. Nf2 Rf6 44. Qe7+ Rf7 45. Qxg5+ 1-0

[Event "Quimper op 8th"]
[Site "Quimper"]
[Date "2017.10.31"]
[Round "2"]
[White "Famel, Edouard"]
[Black "Delaire, Eric"]
[Result "1/2-1/2"]
[WhiteElo "1753"]
[BlackElo "1727"]
[PlyCount "129"]
[EventDate "2017.10.31"]
[EventType "swiss"]
[EventRounds "6"]
[EventCountry "FRA"]
[SourceTitle "EXT 2023"]
[Source "ChessBase"]
[SourceDate "2022.10.05"]
[SourceVersion "1"]
[SourceVersionDate "2022.10.05"]
[SourceQuality "1"]

1. e4 e5 2. Nf3 Nf6 3. d4 Nxe4 4. Nxe5 d5 5. c3 Bd6 6. Be3 0-0 7. Nd2 Nd7 8. Nxe4 dxe4 9. Nc4 Be7 10. Nd2 Nf6 11. Be2 Bf5 12. c4 Qd7 13. h3 h6 14. Qc2 a6 15. 0-0 c6 16. Rad1 Rac8 17. a3 Bd6 18. g4 Bg6 19. Kg2 Rfe8 20. Qb3 b5 21. Rc1 Bb8 22. f4 exf3+ 23. Bxf3 Ne4 24. Nxe4 Bxe4 25. cxb5 Qd6 26. Kf2 Bxf3 27. Kxf3 Qg3+ 28. Ke2 Bf4 29. Rc3 Qg2+ 30. Rf2 Qe4 31. Rd3 axb5 32. Rf3 c5 33. dxc5 Rxc5 34. Kf2 Bxe3+ 35. Rdxe3 Qc2+ 36. Kg3 Qxb3 37. Rxb3 Re2 38. Rfe3 Rxe3+ 39. Rxe3 Kf8 40. Re2 Rd5 41. Re3 Rc5 42. Rb3 Ke7 43. Kf4 g6 44. Ke4 Ke6 45. Kd4 Rd5+ 46. Kc3 f5 47. Rb4 fxg4 48. hxg4 h5 49. gxh5 gxh5 50. a4 bxa4 51. Rxa4 Kf5 52. Rh4 Kg5 53. Rh1 Kg4 54. Kc4 Rd8 55. b4 h4 56. Kc5 h3 57. Kc6 Kg3 58. b5 Kg2 59. Rb1 h2 60. Kc7 Rf8 61. b6 h1Q 62. Rxh1 Kxh1 63. b7 Rf7+ 64. Kb6 Rxb7+ 65. Kxb7 1/2-1/2

[Event "Sautron op qual 17th"]
[Site "Sautron"]
[Date "2017.09.03"]
[Round "5.16"]
[White "Famel, Edouard"]
[Black "Eugene, Floryan"]
[Result "0-1"]
[WhiteElo "1665"]
[BlackElo "2344"]
[PlyCount "56"]
[EventDate "2017.10.22"]
[EventType "swiss"]
[EventRounds "9"]
[EventCountry "FRA"]
[SourceTitle "EXT 2020"]
[Source "ChessBase"]
[SourceDate "2019.10.17"]
[SourceVersion "1"]
[SourceVersionDate "2019.10.17"]
[SourceQuality "1"]

1. e4 e5 2. Nf3 Nc6 3. d4 exd4 4. Nxd4 Nf6 5. Nxc6 bxc6 6. e5 Qe7 7. Qe2 Nd5 8. c4 Ba6 9. b3 Nb6 10. Bb2 Qe6 11. Qe3 d5 12. exd6 Qxe3+ 13. fxe3 cxd6 14. Nc3 Be7 15. 0-0-0 0-0-0 16. g3 Bg5 17. Bh3+ Kc7 18. Rhe1 Rhe8 19. Kb1 Bxe3 20. Bg4 d5 21. cxd5 cxd5 22. Bf3 d4 23. Ne4 f5 24. Nc5 Bc8 25. Bxd4 Rxd4 26. Rxd4 Bxd4 27. Rxe8 Bxc5 28. Kc2 Bd7 0-1

[Event "Sautron op qual 17th"]
[Site "Sautron"]
[Date "2017.09.01"]
[Round "3.9"]
[White "Famel, Edouard"]
[Black "Le Goff, Ronan"]
[Result "0-1"]
[WhiteElo "1677"]
[BlackElo "2280"]
[PlyCount "46"]
[EventDate "2017.10.22"]
[EventType "swiss"]
[EventRounds "9"]
[EventCountry "FRA"]
[SourceTitle "EXT 2020"]
[Source "ChessBase"]
[SourceDate "2019.10.17"]
[SourceVersion "1"]
[SourceVersionDate "2019.10.17"]
[SourceQuality "1"]

1. e4 e5 2. Nf3 Nc6 3. d4 exd4 4. Nxd4 Nf6 5. Nxc6 bxc6 6. e5 Qe7 7. Qe2 Nd5 8. c4 Nb6 9. b3 a5 10. Bb2 a4 11. Qe3 axb3 12. axb3 Qb4+ 13. Qc3 Rxa1 14. Bxa1 Na4 15. Qxb4 Bxb4+ 16. Kd1 Nc5 17. Kc2 0-0 18. Bc3 Bxc3 19. Nxc3 Re8 20. f4 d6 21. exd6 Bf5+ 22. Kb2 Rb8 23. Ne2 Rxb3+ 0-1

[Event "Agneaux St Lo op 18th"]
[Site "Agneaux"]
[Date "2017.07.11"]
[Round "5.4"]
[White "Dolbieva, Ksenia"]
[Black "Famel, Edouard"]
[Result "1-0"]
[WhiteElo "1915"]
[BlackElo "1716"]
[PlyCount "61"]
[EventDate "2017.07.08"]
[EventType "swiss"]
[EventRounds "9"]
[EventCountry "FRA"]
[SourceTitle "EXT 2020"]
[Source "ChessBase"]
[SourceDate "2019.10.17"]
[SourceVersion "1"]
[SourceVersionDate "2019.10.17"]
[SourceQuality "1"]

1. Nf3 c5 2. c4 b6 3. Nc3 Bb7 4. e3 e6 5. d4 cxd4 6. exd4 d5 7. cxd5 exd5 8. Bb5+ Nd7 9. Ne5 Ngf6 10. Bg5 Be7 11. Bxf6 gxf6 12. Nxd7 a6 13. Nxf6+ Kf8 14. Nd7+ Ke8 15. Nxb6+ axb5 16. Nxa8 Bxa8 17. Nxb5 Qa5+ 18. Nc3 Bc6 19. 0-0 Kd8 20. Qh5 f6 21. Rfe1 Re8 22. Qxh7 Qc7 23. Rac1 Qd7 24. Re3 Qb7 25. Rce1 Qd7 26. Qf7 Qb7 27. h4 Qd7 28. h5 Qg4 29. Rxe7 Rg8 30. g3 Rh8 31. Rc7 1-0